|
|
|
|
| LEADER |
00000cam a2200000 7i4500 |
| 001 |
0000001664 |
| 005 |
20220105103924.0 |
| 008 |
070706 |
| 020 |
|
|
|a 0590445065
|
| 090 |
0 |
0 |
|a JP
|b ANM ENG (2134)
|
| 100 |
1 |
|
|a Bourgeois, Paulette
|
| 245 |
1 |
0 |
|a Franklin in the dark
|c Written by Paulette Bourgeois;illustrated by Brenda Clark
|
| 260 |
|
|
|a New York :
|b Scholastic Inc ,
|c 2002
|
| 440 |
|
0 |
|a I'm on TV
|
| 500 |
|
|
|a Children age 4-6 years old (yellow)
|
| 650 |
|
0 |
|a Animal
|x fiction
|
| 700 |
0 |
|
|a Clark, Brenda
|
| 710 |
0 |
|
|a Title
|
| 999 |
|
|
|a 0000011702
|b Book
|c Children Collection
|e Cawangan Taman Universiti
|
| 999 |
|
|
|a 0000895894
|b Book
|c Children Collection
|e Cawangan Pontian
|
| 999 |
|
|
|a 0000901164
|b Book
|c Children Collection
|e Cawangan Segamat
|
| 999 |
|
|
|a 0000901165
|b Book
|c Children Collection
|e Cawangan Segamat
|
| 999 |
|
|
|a 0000901168
|b Book
|c Children Collection
|e Cawangan Pontian
|
| 999 |
|
|
|a 0000901169
|b Book
|c Children Collection
|e Cawangan Pontian
|
| 999 |
|
|
|a 0000901171
|b Book
|c Children Collection
|e Cawangan Taman Universiti
|
| 999 |
|
|
|a 0000962284
|b Book
|c Children Collection
|e Perbadanan Perpustakaan Awam Johor
|
| 999 |
|
|
|a 0000962285
|b Book
|c Children Collection
|e Perbadanan Perpustakaan Awam Johor
|
| 999 |
|
|
|a 0000962286
|b Book
|c Children Collection
|e Cawangan Sri Merlong
|
| 999 |
|
|
|a 0000962287
|b Book
|c Children Collection
|e Cawangan Mersing
|
| 999 |
|
|
|a 0000962288
|b Book
|c Children Collection
|e Cawangan Taman Universiti
|
| 999 |
|
|
|a 0000974477
|b Book
|c Children Collection
|e Cawangan Taman Universiti
|
| 999 |
|
|
|a 0000974478
|b Book
|c Children Collection
|e Cawangan Segamat
|